Partial Logos #2 - Statistics

General Stats
  • This quiz has been taken 219 times
  • The average score is 15 of 19
Answer Stats
Picture Answer % Correct
Starbucks
99%
Twitter
96%
Toyota
95%
X-box
95%
Firefox
92%
Burger King
87%
Snapchat
87%
Google
85%
Spotify
84%
Playboy
82%
Puma
81%
Walmart
79%
Lego
76%
Gucci
75%
Beats by Dre
70%
The North Face
70%
Microsoft
67%
AT&T
62%
Skoda Auto
15%
No matching quizzes found
Score Distribution
Percent of People with Each Score
Percentile by Number Answered
Your Score History
You have not taken this quiz